000 00492nam a2200181Ia 4500
003 OSt
005 20200903110013.0
008 190216s9999||||xx |||||||||||||| ||und||
020 _a8173191042
040 _coclc
082 _a531
_bBHA/C
100 _aBhatia, V B
_94397
245 0 _aClassical Mechanics /
_cV B Bhatia
260 _bNarosa Publishing House,
_c1997.
_aNew Delhi:
300 _a355p
650 _aPhysics
942 _cBK
_2ddc
_h531
_iBHA/C
_k531
_mBHA/C
999 _c33493
_d33493